000 00766nas a2200229 4500
001 BR7601849
003 BR-BrBNA
005 20231205082941.0
007 ta
008 230509b bl.|||p| |||| 00| 00por d
040 _aBR-BrBNA
_bpor
_cBiblioteca Nacional de Agricultura
041 _a(Pt)
072 _aL72
100 1 _aPimentel Neto, M.
245 1 _aEpizootiologia da haemoncose em bezerros de gado de leite no estado do Rio de Janeiro [verminose, Brasil]
_bParte de tese
650 _aGADO LEITEIRO
650 _aVERMINOSE
650 _aRIO DE JANEIRO
773 0 _tPesquisa Agropecuaria Brasileira. Serie Veterinaria (Brazil)
_xISSN 0304-4351
_g(1976), v. 11(9) p. 101-114
_wBR7601849
909 _a202311
_bLúcia
_c55
_dLúcia Elande
942 _2AGRIS
_n0
_cANA
999 _c95328
_d95328